000 00987nam a22002537a 4500
005 20170818105058.0
010 _a1617EN ENG-117343
020 _a9789385755330
_c299.00
035 _aB-650828-849
035 _aB-664685
035 _aEN-100875
037 _adpl
_bBSB
037 _bDBAD/PUB
082 _aS
100 _aGodden, Rumer
245 _aIndian dust :
_cby Rumer Godden [and] Jon Godden
_bstories /
260 _aNew Delhi
_bSpeaking Tiger
_c2016
270 _a4381/4, Ansari Road, Darya Ganj,
_b New Delhi
_e110002
300 _a218p.
_c20cm(pbk)
700 _aGodden,Jon
942 _2ddc
_cEN
_hS
_mRUM
999 _c101768
_d101768